• 首页
  • 本馆介绍
  • 公告通知
  • 最新文献
  • 馆藏检索
  • 电子资源
  • 读者导购
  • 参考咨询
  • 我的图书馆
  • 登录
  • 详细信息显示
  • 放入我的书架
  • 预约/预借图书
  • 作者相关作品
  • 分类相关作品
  • 丛书相关作品
  • 出版社相关作品

书目信息

  • 表格格式
  • 工作单格式
  • 卡片格式
题名:
福建省葡萄病虫害防控技术手册
    
 
作者: 雷龑 主编
分册:  
出版信息: 北京   中国农业出版社  2014
页数: 152页
开本: 21cm
丛书名:
单 册:
中图分类: S436.631-62
科图分类:
主题词: 葡萄--病虫害防治--福建--技术手册
电子资源:
ISBN: 978-7-109-19259-1
000 00839nam0 2200241 450
001 012015000397
005 20150914161617.51
010    @a978-7-109-19259-1@dCNY12.00
100    @a20150310d2014 em y0chiy50 ea
101 0  @achi
102    @aCN@b110000
105    @ay z 000yy
106    @ar
200 1  @a福建省葡萄病虫害防控技术手册@Afu jian sheng pu tao bing chong hai fang kong ji shu shou ce@f雷龑[等]主编
210    @a北京@c中国农业出版社@d2014
215    @a152页@d21cm
304    @a主编还有:王忠跃、刘薇薇、陈婷
330    @a本书内容包括福建省葡萄病虫害危害种类调查报告、福建省葡萄病虫害防控基础资料、福建省葡萄病虫害规范化防控技术三章。
606 0  @a葡萄@x病虫害防治@y福建@j技术手册
690    @aS436.631-62@v5
701  0 @a雷龑@Alei yan@4主编
801  0 @aCN@b碧洲教育@c20150716
905    @a10447@f4@dS436.631-62@e102
    
    福建省葡萄病虫害防控技术手册/雷龑[等]主编.-北京:中国农业出版社,2014
    152页;21cm
    
    
    ISBN 978-7-109-19259-1:CNY12.00
    本书内容包括福建省葡萄病虫害危害种类调查报告、福建省葡萄病虫害防控基础资料、福建省葡萄病虫害规范化防控技术三章。
●
相关链接 在E读中查询图书 在五车中查询图书 在当当中查询图书 在豆瓣中查询图书


正题名:福建省葡萄病虫害防控技术手册     索取号:S436.631-62/102         预约/预借

序号 登录号 条形码 馆藏地/架位号 状态 备注
1 0849456   208494565   第二样本阅览室/ [索取号:S436.631-62/102] 在馆    
2 0849457   208494574   第三借阅区/ [索取号:S436.631-62/102] 在馆    
3 0849458   208494583   密集书库-生命科学系/ [索取号:S436.631-62/102] 在馆    
4 0849459   208494592   第三借阅区/ [索取号:S436.631-62/102] 在馆    
唐山师范学院图书馆 欢迎您!
大连网信软件有限公司© 版权所有